000 01061nam a2200265 a 4500
001 000026155
003 DO-SdBNP
005 20240308073618.0
007 ta
008 110303s1998 dr r 000 0 spa d
040 _aDO-SdBNP
_bspa
_cBNPHU
082 _a021.7
_bF356s, 2008
111 2 _aFeria Internacional del Libro
_n(1ª :
_d1998 : 23 abril al 3 mayo :
_cSanto Domingo)
_953138
245 1 0 _aI Feria Internacional del Libro Santo Domingo, 1998 :
_bprograma general /
246 1 3 _aPrimera Feria Internacional del Libro Santo Domingo
260 _aSanto Domingo :
_bComisión Permanente de la Feria Nacional del Libro,
_c1998.
300 _a39 p. ;
_c22 cm.
590 _aInventariado, 2022 / DG
611 2 4 _aFERIA INTERNACIONAL DEL LIBRO
_n(8ª :
_d2005 :
_cSANTO DOMINGO, REPÚBLICA DOMINICANA)
_xPROGRAMAS
_953139
650 4 _aFeria del libro
_zRepública Dominicana
_xProgramas
_y1998
_953140
650 4 _aIndustria del libro
_zRepública Dominicana
_953136
700 1 _aDeive, Carlos Esteban,
_d1935-2019
_91916
910 _aDG
942 _2ddc
_cLF2
999 _c52452
_d52452